Statistiques concernant Culture Générale - Série 1364

Cliquez ici pour prendre le quiz!

Statistiques générales

  • Ce quiz a été pris 43 fois
  • Le résultat moyen est 7 sur 10

Statistiques - réponses

Question Réponse % Correct
A quel astre se rapporte l'adjectif "sélène" ?lune
98%
Dans une locution, par quel mot rimant avec "hameçon" désigne-t-on un escalier en hélice ?colimaçon
95%
Quelle partie du visage désigne familièrement le métier de créateur de parfums ?nez
95%
Au Népal, à quelle chaîne de montagnes appartient le sommet de l'Annapurna ?Himalaya
85%
Dans quelle Région française se situe Belle-Île-en-Mer ?Bretagne
85%
Quel mot rimant avec "cruche" désigne une mince pellicule de caoutchouc, dont on fait des ballons gonflables ?baudruche
78%
Quel chien d'arrêt au poil long peut être "Gordon", "irlandais" ou "anglais" ?setter
71%
De quelle institution française Gérard Larcher est-il le président ?Sénat
56%
Quelle est la capitale du Nicaragua ?Managua
51%
Quelle ville d'Allemagne, capitale du Bade-Wurtemberg, est l'une des capitales de l'automobile ?Stuttgart
22%

Distribution des résultats

Percentile par nombre de réponses

% des personnes avec chaque résultat

Votre développement - résultats

Vous n’avez pas pris ce quiz